00719nam a2200241 a 4500001001300000003000900013005001700022008004100039020001000080082001800090100002100108245006200129260003300191300000900224500003500233505001700268650002000285700002100305902000800326942000700334952011900341999001700460nice12345678IN_TiNIC20260116013343.0050524s1999 dela grp 000 0 eng  ac19500a346.0134bKHA aKhan, Badre Alam aEconomic Rights of Women Under Islamic Law and Hindu Law. aDelhibAdam Publishersc1999 a131p aincludes index and biblioraphy2 aAPPENDIX-`A` aWomen-India-Law1 aKhan, Badre Alam bSRS cBK 001040708StackRoom-aHMIbHMId2011-08-19g195.00l0o346.0134 KHAp019911r2011-08-19v195.00w2005-05-24yBK c10677d10677